| 000 | 00359nam a2200133Ia 4500 | ||
|---|---|---|---|
| 008 | 150202s9999 xx 000 0 und d | ||
| 020 | _a708825575 | ||
| 050 |
_aFIC _bFIC |
||
| 100 | _aPeters, Ellis. | ||
| 245 |
_aSaint Peters fair / _cEllis Peters |
||
| 260 |
_aGreat Britain : _bFutura Books, _c1981. |
||
| 300 |
_a268 pages : _c18 cm. |
||
| 650 | _aFiction. | ||
| 999 |
_c282310 _d282310 |
||